| 000 | 00584nam a22001577a 4500 | ||
|---|---|---|---|
| 003 | OSt | ||
| 005 | 20150923135842.0 | ||
| 008 | 150923b xxu||||| |||| 00| 0 eng d | ||
| 040 | _cRUA | ||
| 082 | _aAGR SOR 2007 B048 Or.1 | ||
| 100 |
_91182 _aSOR KAKADA |
||
| 245 | _aThe comparision of rice production technology in saang district,(ការប្រៀបធៀបបច្ចេកទេសផលិតកម្មស្រូវប្រាំង នៅស្រុកស្អាង) | ||
| 260 |
_aphnom penh _bRUA _c2007 |
||
| 300 |
_axvi, 49p. _cill. _g29cm. |
||
| 942 |
_2ddc _cAGR |
||
| 999 |
_c1125 _d1125 |
||